Govt. of
Madhya Pradesh

Fishermens Weather (Record no. 37492)

MARC details
000 -LEADER
fixed length control field 004580000a22001690004500
003 - CONTROL NUMBER IDENTIFIER
control field MACL
005 - DATE AND TIME OF LATEST TRANSACTION
control field 20160110132803.0
008 - FIXED-LENGTH DATA ELEMENTS--GENERAL INFORMATION
fixed length control field 160110b xxu||||| |||| 00| 0 eng d
040 ## - CATALOGING SOURCE
Original cataloging agency MACL
Transcribing agency MACL
041 ## - LANGUAGE CODE
Language code of text/sound track or separate title English
082 ## - DEWEY DECIMAL CLASSIFICATION NUMBER
Classification number 799/AFL
100 ## - MAIN ENTRY--PERSONAL NAME
Personal name Aflalo, F G
9 (RLIN) 30913
245 ## - TITLE STATEMENT
Title Fishermens Weather
Remainder of title by upwards of one hundred living anglers
260 ## - PUBLICATION, DISTRIBUTION, ETC. (IMPRINT)
Name of publisher, distributor, etc. Adam and Charles Black
Date of publication, distribution, etc. 1906
Place of publication, distribution, etc. London
650 ## - SUBJECT ADDED ENTRY--TOPICAL TERM
Topical term or geographic name as entry element Fishing
9 (RLIN) 30914
942 ## - ADDED ENTRY ELEMENTS (KOHA)
Koha item type Books
Call number prefix 799/AFL
Source of classification or shelving scheme
Holdings
Withdrawn status Lost status Source of classification or shelving scheme Damaged status Not for loan Home library Current library Date acquired Total Checkouts Full call number Barcode Date last seen Uniform Resource Identifier Price effective from Koha item type
          MACL MACL 15/04/2015   799/AFL CLE003729 29/04/2015 37706 15/04/2015 Books